[Event "Berlin-ch Seniors op 26th"]
[Site "Berlin"]
[Date "2010.02.12"]
[Round "4"]
[White "Zschaebitz, Klaus"]
[Black "Itkins, Boriss"]
[Result "1-0"]
[WhiteElo "2017"]
[BlackElo "1747"]
[PlyCount "95"]
[EventDate "2010.02.09"]
[EventType "swiss"]
[EventRounds "9"]
[EventCountry "GER"]
[SourceTitle "EXT 2012"]
[Source "ChessBase"]
[SourceDate "2011.11.24"]
[SourceVersion "1"]
[SourceVersionDate "2011.11.24"]
[SourceQuality "1"]

1. d4 Nf6 2. Nf3 g6 3. c4 Bg7 4. Nc3 d6 5. e4 0-0 6. Be2 e5 7. Be3 Ng4 8. Bg5 f6 9. Bh4 exd4 10. Nxd4 Ne5 11. f4 g5 12. Bg3 gxf4 13. Bxf4 Ng6 14. Bg3 Nc6 15. Nf5 Nge7 16. 0-0 Nxf5 17. exf5 Ne7 18. Nb5 a6 19. Nd4 Kh8 20. Bh5 Nc6 21. Nxc6 bxc6 22. Qe2 Bd7 23. Rae1 Be8 24. Bf4 Bxh5 25. Qxh5 Qd7 26. Re6 Rae8 27. Rfe1 Rxe6 28. Rxe6 Kg8 29. Qe2 Kf7 30. Kf2 Re8 31. Qh5+ Kf8 32. Qh3 Rxe6 33. fxe6 Qe7 34. Qf5 Kg8 35. Be3 Qe8 36. b3 Kf8 37. Qe4 Kg8 38. h3 Kf8 39. g4 Kg8 40. Kg3 Bf8 41. h4 Be7 42. h5 Bd8 43. Kf4 Be7 44. Kf5 Kg7 45. Qf4 Qf8 46. Qh6+ Kg8 47. Qxf8+ Kxf8 48. Bd4 1-0

[Event "Berlin-ch Seniors op 23rd"]
[Site "Berlin"]
[Date "2007.02.06"]
[Round "2"]
[White "Itkins, Boriss"]
[Black "Grassmehl, Gerhard"]
[Result "1-0"]
[WhiteElo "1802"]
[BlackElo "1666"]
[PlyCount "94"]
[EventDate "2007.02.05"]
[EventType "swiss"]
[EventRounds "9"]
[EventCountry "GER"]
[SourceTitle "EXT 2022"]
[Source "ChessBase"]
[SourceDate "2021.10.06"]
[SourceVersion "1"]
[SourceVersionDate "2021.10.06"]
[SourceQuality "1"]

1. e4 c5 2. Nf3 Nc6 3. d4 cxd4 4. Nxd4 Nf6 5. Nc3 e5 6. Ndb5 d6 7. Bg5 a6 8. Bxf6 gxf6 9. Na3 b5 10. Nd5 Be6 11. c3 Bg7 12. Nc2 Rc8 13. Nce3 Ne7 14. a4 Nxd5 15. Nxd5 Bxd5 16. Qxd5 Rc5 17. Qb7 Qa5 18. b4 Qc7 19. Qxc7 Rxc7 20. axb5 Rxc3 21. bxa6 Kd7 22. Kd2 Rhc8 23. Bd3 Bh6+ 24. Ke2 Ra8 25. Ra5 Kc6 26. Rha1 f5 27. f3 Ra7 28. R1a2 Kb6 29. Rd5 Kc7 30. b5 Bf8 31. Rc2 Rxc2+ 32. Bxc2 f4 33. Bd3 h5 34. Bc4 Kb6 35. Rd1 Rc7 36. Kd3 h4 37. h3 f6 38. Rb1 Be7 39. Bd5 Bd8 40. Bc6 Rg7 41. Rb2 Ka7 42. Kc4 Re7 43. Kd5 Bc7 44. Bb7 Kb6 45. Ra2 Bb8 46. Bc6 Ka7 47. Rc2 Kb6 1-0

[Event "Berlin-ch Seniors op 23rd"]
[Site "Berlin"]
[Date "2007.02.05"]
[Round "1"]
[White "Berg, Gerd"]
[Black "Itkins, Boriss"]
[Result "0-1"]
[WhiteElo "1474"]
[BlackElo "1802"]
[PlyCount "33"]
[EventDate "2007.02.05"]
[EventType "swiss"]
[EventRounds "9"]
[EventCountry "GER"]
[SourceTitle "EXT 2022"]
[Source "ChessBase"]
[SourceDate "2021.10.06"]
[SourceVersion "1"]
[SourceVersionDate "2021.10.06"]
[SourceQuality "1"]

1. c4 Nf6 2. Nf3 g6 3. Nc3 Bg7 4. d4 0-0 5. e4 d6 6. Be2 e5 7. dxe5 dxe5 8. Nxe5 Nxe4 9. Nxe4 Qxd1+ 10. Bxd1 Bxe5 11. 0-0 Be6 12. Bb3 Nd7 13. Ng5 Bf5 14. Nf3 Bg7 15. Re1 Rfe8 16. Re3 Nc5 17. Bd1 0-1